000 00535nam a22001937a 4500
005 20251108173155.0
008 250721s1995 xx 000 0 ara d
082 1 4 _a612.63/خور
100 1 _aالخوري، روجية
245 1 0 _aالحمل الطبيعي /
250 _aط 3
264 1 _aبيروت :
_bشركة المطبوعات للنشر والتوزيع،
_c1995.
300 _a147ص
490 0 _aالطب النسائي
650 1 7 _aالحمل
650 1 7 _aالجنين
942 _2ddc
_cBK
999 _c97760
_d97760